000 00623nam a2200205 i 4500
001 130005
003 ES-MaACL
005 20250808062535.0
007 t|
008 070713s1961 sp ||||1| spa d
100 1 _aZundel, Maurice.
_9118501
245 1 2 _a¿Creeis en el hombre? /
_cMauricio Zundel ; traducción de Fernando Calvo Gutiérrez.
260 _aSan Sebastián :
_bDinor,
_c1961 (
_eBurgos :
_fAldecoa)
300 _a175 p. ;
_c18 cm.
490 1 _aPrisma
700 1 _aCalvo Gutierrez, Fernando.
_933885
830 0 0 _aPrisma
_9180749
852 _aES-MaACL
_jC-22614
_bR.50110
999 _c130005
_d130005